| 000 | 00315nam a2200109 4500 | ||
|---|---|---|---|
| 008 | 160629b xxu||||| |||| 00| 0 eng d | ||
| 100 |
_91341 _a Srivastava, V., et al |
||
| 245 | _aNew Course Science & Technology - X | ||
| 260 |
_aN.D _b Arya _c2005 |
||
| 300 | _aNew Course Science & Technology - X | ||
| 942 |
_2ddc _cBK |
||
| 999 |
_c1100 _d1100 |
||